000 00675nam a2200241Ia 4500
003 OSt
005 20220918183332.0
006 a|||||r|||| 00| 0
007 ta
008 220917b |||||||| |||| 00| 0 eng d
024 _a37,510
037 _cTextual
040 _aARTS
_cARTS
_beng
041 _2eng
_aeng
082 _aV6:51.N7, M0
100 _aBurchett Wilfred
_962569
245 0 _aSouthern Africa stands up
_b the revolutions in Angola, Mozambique, Zimbawe
260 _aCalcutta
_bK P Bagchi
_c1980
300 _axxxviii,320p.
_ccm.
650 _aHISTORY
942 _hV6:51.N7, M0
_cTEXL
_2CC
999 _c172315
_d172315